00452 2200181 4500001002100000005001500021008004100036020001800077035001900095041000700114082000800121090001600129100001500145245004000160260003100200300002400231650001500255INLIS00000000000506220241224113029241224||||||||| | ||| |||| || |  a979-692-285-1 0010-1224005062 aid0 aOO1 a001.4 HAM p0 aIbnu Hamid00aPERCOBAAN DENGAN SEDOTAN DAN KERTAS bPT REMAJA ROSDAKARYAc2004 aiv + 28 hlm,; 28 cm 0aKarya Umum